000 00765nam a2200229 4500
003 CO-ViMGA
020 _a9789583002878
040 _aCO-ViMGA
_bspa
_cCO-ViMGA
082 0 4 _a891
_bK13m
100 1 _aKafka, Franz,
_d1883 - 1924.
_96109
245 1 0 _aLa metamorfosis:
_bla condena en la colonia penitenciaria /
_cFranz Kafka.
260 _aColombia:
_bPanamericana,
_c1997.
300 _a224 p. :
_bil. ; 21 cm.
490 _aLiteratura universal.
534 _tDie Verwandlung, in der strafkolonie y das urteil.
650 1 4 _aCuentos checoslovacos.
_96111
650 1 4 _aExistencialismo en la literatura.
_96112
650 1 4 _aNovela checoslovaca.
_96110
650 1 4 _aPrisiones - Cuentos.
_96113
700 1 _aKovacsics de Cubides, Marta,
_etr.
_96114
942 _cBK
999 _c37446
_d37446